[Event "Beersheba"]
[Site "Beersheba"]
[Date "1992.??.??"]
[Round "6"]
[White "Greenfeld, Alon"]
[Black "Kortschnoj, Viktor Lvovich"]
[Result "0-1"]
[WhiteElo "2520"]
[BlackElo "2585"]
[Annotator "Dautov,R"]
[PlyCount "58"]
[EventDate "1992.03.??"]
[EventType "schev"]
[EventRounds "3"]
[EventCountry "ISR"]
[SourceTitle "CBM 030"]
[Source "ChessBase"]
[SourceDate "1992.10.01"]
[SourceVersion "1"]
[SourceVersionDate "1992.10.01"]
[SourceQuality "1"]

1. d4 Nf6 2. c4 e6 3. Nf3 b6 4. a3 Bb7 5. Nc3 d5 6. Qa4+ Qd7 7. Qc2 (7. Qxd7+
Nbxd7 8. Nb5 Bd6 $10 9. Nxd6+) 7... dxc4 8. e4 (8. e3 c5 9. Bxc4 Qc8 10. Qe2
Nbd7 $10) 8... b5 9. Bf4 a6 10. O-O-O Be7 11. g4 (11. Ne5 Qc8 12. g4 O-O $5 13.
g5 Nfd7 {Piket}) (11. Be2 $5) 11... Bd6 $1 $15 (11... Nc6 12. g5 Nh5 13. Be3 b4
14. Ne5 $1 Nxe5 15. dxe5 Qc6 16. axb4 Bxb4 17. Be2 g6 18. Rd4 $1 Bc5 19. Rxc4
Bxe3+ 20. fxe3 Qb6 21. Qa4+ c6 22. Rd4 $1 O-O 23. Bxh5 gxh5 24. Qb4 Qxb4 25.
Rxb4 $16 {Khalifman,A-Polugaevsky,Reggio Emilia 1991/92}) 12. Bg5 (12. Ne5 Qe7
{/\c5}) 12... h6 (12... Qe7 13. Kb1 h6 14. Bc1 $15 {Piket}) 13. Bh4 {N} (13.
Bxf6 $142 gxf6 14. d5 e5 15. Nh4 Qxg4 16. Nf5 {Piket,Je-Sax,G Wijk aan Zee 1992
} Nd7 17. h4 O-O-O 18. Bh3 Qf4+ 19. Kb1 Kb8 {/\Nc5(Piket,53/495)}) 13... Bf4+
14. Kb1 Qe7 15. e5 $2 (15. Be2 g5 16. Bg3 Bxg3 17. hxg3 Nxg4 $17) (15. h3 $5)
15... Bxf3 16. exf6 gxf6 17. Rg1 Nd7 (17... Bxd1 $2 18. Qe4 Bb3 19. Qxa8 O-O
20. Ne4 $36) 18. Bg2 Bxg2 19. Rxg2 Nb6 20. Qe4 Bg5 21. Bg3 O-O-O 22. f4 f5 23.
gxf5 Bf6 24. Re2 Rhe8 $19 25. fxe6 Qxe6 26. Qh7 Qd7 27. Re5 (27. Rxe8 Rxe8 28.
Ne4 Bh8 $19) 27... Bxe5 28. fxe5 Qg4 29. Qxh6 Rxd4 0-1

[Event "Belgrade"]
[Site "Belgrade"]
[Date "1994.??.??"]
[Round "5"]
[White "Shipov, Sergei"]
[Black "Skembris, Spyridon"]
[Result "1/2-1/2"]
[WhiteElo "2525"]
[BlackElo "2525"]
[Annotator "Dautov,R"]
[PlyCount "74"]
[EventDate "1994.??.??"]
[EventType "tourn"]
[EventRounds "9"]
[EventCountry "YUG"]
[EventCategory "12"]
[SourceTitle "CBM 043"]
[Source "ChessBase"]
[SourceDate "1994.12.01"]
[SourceVersion "1"]
[SourceVersionDate "1994.12.01"]
[SourceQuality "1"]

1. d4 Nf6 2. c4 e6 3. Nf3 b6 4. a3 Ba6 5. Qc2 c5 6. d5 exd5 7. cxd5 g6 8. Nc3
Bg7 9. g3 O-O 10. Bg2 d6 11. O-O Re8 12. Re1 Nbd7 13. h3 (13. e4 $6 Ng4 $1)
13... b5 14. Bf4 (14. e4 Nb6 $5) (14. e4 $5) 14... Nb6 $1 $146 (14... Qb6 15.
e4 Rac8 (15... Nh5 16. Be3 Rac8 17. g4 Nhf6 18. Nd2 $14) 16. Qd2 (16. e5 dxe5
17. Nxe5 Nxe5 18. Bxe5 b4 $1 19. Na4 Qb5 $1 20. Bf1 c4 $132 {Naumkin,
I-Rodriguez,Am/Palma de Mallorca GMA/1989/0-1 (44)}) (16. Nd2 Ne5 $1) 16... c4
17. Bh6 Bh8 18. Qf4 Ne5 19. Nxe5 Rxe5 20. Qd2 Nd7 21. Be3 Nc5 22. Bd4 Ree8 23.
Bxh8 Kxh8 24. Qd4+ Kg8 25. Bf1 Bb7 26. h4 $14 {Cramling-Fedorowicz/Dortmund/
1986}) (14... Rc8 $6 15. Bxd6 $1 Nb6 16. Be5 Nbxd5 17. Rad1 $16) 15. e4 Qd7 16.
Bf1 $1 (16. Rad1 $2 b4 17. axb4 cxb4 $15 (17... cxb4 18. Nb1 Rac8 19. Qb3 Nxe4
(19... Qa4 $5 $36) 20. Qxb4 $13)) (16. Qb3 $6 Nh5 17. Bg5 h6 18. Be3 Nc4 $36) (
16. g4 Rad8 $5 17. Bf1 (17. Qb3 Na4 $1 18. Nxa4 bxa4 19. Qc2 Rb8 20. Nd2 (20.
Rab1 Rb3 $36) 20... Rxb2 $1 21. Qxb2 Nh5 22. Qc2 Nxf4 $17) 17... b4 18. Bxa6
bxc3 19. bxc3 Nxg4 $15) (16. b4 $2 Rac8 $17) 16... Nh5 17. Bg5 (17. Be3 b4 $1
18. Bxa6 bxc3 19. bxc3 Qxh3 20. Bf1 Qg4 21. Nd2 f5 $5 $36 (21... Nxg3 $5))
17... b4 (17... h6 $5 18. Be3 Nc4 $5 (18... b4 $5 19. Bxa6 bxc3 20. bxc3 Qxh3)
19. Bxc4 bxc4 20. Kg2 f5 $13) (17... h6 $5) 18. Bxa6 (18. axb4 $2 Bxf1 19. bxc5
Bxh3 20. cxb6 axb6 $15 (20... Qg4 $1 21. Qe2 $8 axb6 22. Rxa8 Rxa8 $13)) 18...
bxc3 19. bxc3 Qxh3 20. Bb5 (20. Bf1 Qg4 $132 (20... Qg4 21. Bg2 $14)) (20. Rad1
$5 h6 21. Bc1 Re7 $13) 20... h6 $5 (20... Nd7 21. Nh2 {/\Bf1} Nhf6 22. Bf4 Bf8
23. Rab1 $14) (20... Rec8 21. Rab1 (21. Rad1 $16) 21... h6 22. Be3 $14) (20...
Rf8 $6 21. Be7 $16) 21. Bxe8 (21. Be3 Nxg3 $5 (21... Re7 $13) 22. fxg3 Qxg3+
23. Qg2 Qxg2+ 24. Kxg2 Bxc3 (24... Rxe4 25. Bd2 Rxe1 26. Rxe1 $14) 25. Bxe8
Rxe8 26. Bxh6 (26. Nd2 $1 Bxa1 27. Rxa1 $14) 26... Bxa1 27. Rxa1 Rxe4 $10)
21... Rxe8 (21... hxg5 22. Bxf7+ $1 $18) 22. Be3 (22. Bd2 $2 Nxg3) 22... Nc4
$44 23. Rad1 (23. Qd3 $2 Nxg3 24. Nh2 Rxe4 $19) (23. Ra2 $5) 23... Nf6 24. Bf4
(24. Bc1 Ng4) 24... Ng4 (24... g5 $2 25. Bxd6 Nxd6 26. e5 $18) 25. Qe2 (25. Qa4
$2 Re5 $1 26. Bxe5 (26. Qxc4 Rh5 $19) 26... Ncxe5 27. Qe8+ Bf8 $19) 25... g5 $1
(25... Nce5 $2 26. Bxe5 Rxe5 27. Qf1 Qh5 28. Qg2 $18) 26. Bxg5 (26. Qxc4 gxf4
27. Qf1 Qxf1+ (27... Qh5 $5 28. gxf4 Kh8 $36) 28. Kxf1 fxg3 29. fxg3 Bxc3 30.
Re2 Rb8 $10) (26. Bc1 Nce5 $40) 26... Bxc3 (26... hxg5 $2 27. Qxc4 $16) 27.
Qxc4 Bxe1 28. Rxe1 hxg5 $10 29. Qb5 Rf8 30. Qf1 (30. Qd7 Kg7 (30... Nxf2 $5 31.
Qxd6 Ng4) (30... Nxf2 $5) 31. Qe7 Rh8 32. Qxg5+ Kf8 33. Qd8+ $10) 30... Qh5 31.
Kg2 Kg7 32. Qh1 Qxh1+ (32... Qg6 $5) (32... Qg6 33. Qh3 f5 34. exf5 Qxf5 35.
Re7+ Kg8 36. Kg1 $1 Qb1+ 37. Kg2 Qf5 $10) 33. Rxh1 Rb8 (33... Kg6 $5 34. Nd2 (
34. Rb1 Rc8 $1) 34... f5 $1) 34. Nxg5 Rb2 35. Kf3 (35. Nh3 Ne3+ 36. Kf3 Nc4
$132) 35... Ne5+ (35... Nxf2 $6 36. Rh2 Nd3 37. Rxb2 Nxb2 38. e5 $1 $36) 36.
Ke3 Nc4+ 37. Kf3 Ne5+ (37... Nxa3 38. e5 dxe5 39. Rd1 $1 $36) 1/2-1/2

[Event "Groningen"]
[Site "Groningen"]
[Date "1995.??.??"]
[Round "1"]
[White "Van Wely, Loek"]
[Black "Almasi, Zoltan"]
[Result "1-0"]
[WhiteElo "2585"]
[BlackElo "2630"]
[Annotator "Dautov,R"]
[PlyCount "107"]
[EventDate "1995.12.??"]
[EventType "tourn"]
[EventRounds "11"]
[EventCountry "NED"]
[EventCategory "17"]
[SourceTitle "CBM 051"]
[Source "ChessBase"]
[SourceDate "1996.04.01"]
[SourceVersion "1"]
[SourceVersionDate "1996.04.01"]
[SourceQuality "1"]

1. d4 Nf6 2. c4 e6 3. Nf3 b6 4. a3 Ba6 5. Qc2 Bb7 6. Nc3 c5 7. e4 cxd4 8. Nxd4
Nc6 9. Nxc6 Bxc6 10. Bf4 Bc5 11. Be2 O-O 12. O-O-O a5 $6 {N} (12... Ne8 $142)
13. Kb1 (13. e5 $5) 13... Qe7 14. e5 Ne8 (14... Nh5 $2 15. Bc1 (15. Bxh5 Qh4
$13) 15... Qh4 16. g4 Bxh1 17. Rxh1 $16) 15. Ne4 Bxe4 (15... f6 $5 16. Nxc5 (
16. exf6 Bxe4 17. Qxe4 Nxf6 $13) 16... Qxc5 (16... bxc5 17. f3 $14) 17. Bd3 f5
18. f3 $14 {פe8}) 16. Qxe4 Rd8 17. Bd3 $1 f5 18. Qf3 {Damit hat Weiß seinen
Vorposten e5 gegen den möglichen Angriff f7-f6 gesichert.} d6 {Die schwarzen
Figuren, vor allem der Ne8, haben zu wenig Raum, deswegen ist der Wunsch, sich
vom "Keil" e5 zu befreien, durchaus verständlich.} 19. Bc2 $1 dxe5 20. Rxd8
Qxd8 21. Bxe5 Nf6 22. Rd1 Qe7 (22... Qa8 23. Qg3 $5 {/\Rd7} (23. Qxa8 Rxa8 24.
f3 Kf7 25. Ba4 $16) 23... Qb7 24. f3 $16) 23. Qc6 $1 {Die Dame nimmt den
schwachen Pe6 unter Beschuß. Hier sieht man, wie wichtig es war, f7-f5 zu
erzwingen.} Qe8 24. Qxe8 Rxe8 25. f3 {Dieses Endspiel mit dem aktiven
Läuferpaar ist für Weiß fast gewonnen.} Kf7 26. Ba4 Rc8 27. Kc2 {Der König
marschiert nach a4, um b2-b4 zu unterstützen.} g5 28. Bb5 h5 29. Kb3 Ke7 30.
Ka4 Be3 (30... Ra8 31. Bc6 Ra7 $4 32. Bb8 $18) 31. b4 axb4 32. axb4 Bf4 (32...
Ra8+ 33. Kb3 g4 34. Bc6 Ra6 $2 (34... Rc8 35. b5 $16 {/\Ra1-a7}) 35. Bb8 $1 $18
{/\Bb7}) 33. Bd4 Bc7 34. Be3 $1 g4 (34... f4 35. Bf2 Ra8+ 36. Kb3 Rd8 37. Rxd8
Bxd8 38. c5 bxc5 39. Bxc5+ Kf7 40. Bc6 Nd5 41. b5 $16) 35. Ba6 Rb8 (35... Rg8
$5 36. Kb5 gxf3 37. gxf3 Rg2 38. h4 Rg3 39. Bb7 $16) 36. h3 $1 gxf3 37. gxf3
Rg8 38. Rg1 $1 Rxg1 39. Bxg1 {Nach dem Turmabtausch zermahlen die weißen
Laüfer die gegnerische Stellung.} e5 40. Kb5 e4 41. fxe4 fxe4 42. Bb7 $1 $18
Ke6 43. Bc8+ $1 Ke7 (43... Ke5 $2 44. Bh2+) 44. Bf5 h4 45. Bf2 Kd6 46. Bxh4 Ke5
47. Bg6 Bd8 48. Bxe4 $1 {Am Schluß eine kleine Kombination. Der schwarze
Läufer kommt mit den 3 weißen Bauern nicht zurecht.} Kxe4 49. Bxf6 Bxf6 50.
Kxb6 Kd4 51. c5 Bd8+ 52. Kb7 Kc4 53. c6 Kxb4 54. h4 1-0

[Event "Amsterdam Euwe Memorial"]
[Site "Amsterdam"]
[Date "1992.??.??"]
[Round "?"]
[White "Seirawan, Yasser"]
[Black "Anand, Viswanathan"]
[Result "1/2-1/2"]
[WhiteElo "2600"]
[BlackElo "2670"]
[Annotator "Dautov,R"]
[PlyCount "62"]
[EventDate "1992.05.??"]
[EventType "tourn"]
[EventRounds "6"]
[EventCountry "NED"]
[EventCategory "16"]
[SourceTitle "CBM 030"]
[Source "ChessBase"]
[SourceDate "1992.10.01"]
[SourceVersion "1"]
[SourceVersionDate "1992.10.01"]
[SourceQuality "1"]

1. d4 {Schussler} Nf6 2. c4 e6 3. Nf3 b6 4. Nc3 Bb7 5. a3 d5 6. cxd5 Nxd5 7.
Qc2 Nxc3 (7... c5 {Schussler} 8. Bg5 {8.e4!} Be7 9. Bxe7 Qxe7 10. Nxd5 exd5 11.
e3 O-O 12. Bd3 g6 13. dxc5 bxc5 14. O-O Nd7 $10 {Seirawan,Y-Timman,J,
Amsterdam 1992. CBM 30 game 6.}) 8. Qxc3 Be7 (8... h6) (8... Nd7 9. Bg5 Be7 10.
Bxe7 Kxe7) 9. Bf4 O-O $5 {N} (9... c6) (9... Bd6 10. Bg5) 10. Qxc7 (10. Bxc7
Qd5 11. Bg3 Rc8 12. Qd2 (12. Qd3 $5 Ba6 13. Qd1 Nc6 $44) 12... Nc6 13. e3 Na5
$44) (10. e3 $5) 10... Qxc7 11. Bxc7 Rc8 12. Bxb8 (12. Bg3 Rc2 13. Rb1 Be4 14.
e3 Nc6 15. Ba6 $13) (12. Bg3 Rc2 13. Rb1 Bd5 $1 $44 {/\Ba2}) (12. Bf4 $1 {
Schussler +/-/+/=} Rc2 13. Rc1 $1 Rxb2 14. Rc7 Bxa3 15. Rxb7 Na6 16. e4 Nb4 17.
Rc7 $18 {(Seirawan)}) 12... Raxb8 13. e3 (13. Kd2 $2 Be4 $36) 13... Rc2 14. Rb1
{/\Bd3} Be4 15. Bb5 (15. Ba6 $2 b5 $1 $17) 15... Rbc8 16. O-O Bxf3 17. gxf3 Bh4
$10 {><f2} 18. f4 Rd2 19. Ba4 g6 20. Kg2 Kg7 21. Kf3 a6 {/\b5=/+} 22. Rbd1 Rxb2
23. Rb1 Ra2 (23... Rxb1 $142 24. Rxb1 b5 25. Bb3 Be7 26. a4 b4 27. Ke2 Rc3) 24.
Rxb6 a5 25. Rb7 Kf8 26. Rbb1 (26. Rb3 Be7) 26... Rxa3 27. Ra1 Rcc3 28. Rfb1
Rxa1 29. Rxa1 Be7 30. Ra2 Bb4 31. Rc2 Rxc2 1/2-1/2

[Event "Aruba m"]
[Site "Aruba"]
[Date "1994.??.??"]
[Round "4"]
[White "Piket, Jeroen"]
[Black "Polugaevsky, Lev"]
[Result "1-0"]
[WhiteElo "2605"]
[BlackElo "2595"]
[Annotator "Dautov,R"]
[PlyCount "87"]
[EventDate "1994.02.??"]
[EventType "match"]
[EventRounds "8"]
[EventCountry "NAU"]
[SourceTitle "CBM 040"]
[Source "ChessBase"]
[SourceDate "1994.06.01"]
[SourceVersion "1"]
[SourceVersionDate "1994.06.01"]
[SourceQuality "1"]

1. d4 Nf6 2. Nf3 e6 3. c4 b6 4. Nc3 Bb7 5. a3 d5 6. cxd5 Nxd5 7. Bd2 Be7 8. Qc2
Nxc3 9. Bxc3 O-O 10. e4 Nd7 11. O-O-O c5 (11... Qc8) 12. Bb5 $1 Qc7 $6 {N} (
12... a6 13. Bxd7 Qxd7 14. dxc5 Qc7 (14... Qc6 15. Ne5 Qxe4 16. Nd7 Bg5+ 17.
Kb1 Qxc2+ 18. Kxc2 Be4+ 19. Kb3 $16) 15. Ne5 $1 Bxc5 16. Rd7 Qc8 17. Qd3 Bc6
18. Nxc6 Qxc6 19. Qg3 $16 {Lputian-Anastasian/Blagoveshchensk/1988}) 13. d5 $1
(13. Bxd7 Qxd7 14. dxc5 Qc6 $1 15. cxb6 axb6 $36) 13... exd5 14. exd5 Rfd8 (
14... a6 $2 15. d6 Bxd6 16. Bxd7 Qxd7 17. Be5 $18) (14... Nf6 $2 15. Be5 Bd6
16. Bxf6 gxf6 17. Qf5 $18) 15. Rhe1 Nf8 (15... Nf6 $2 16. Be5) 16. Qe4 $16 Ng6
(16... Bd6 17. Qg4 $16) 17. h4 Bf8 {/\Qf4} 18. g3 $1 a6 19. Ba4 b5 20. Bc2 Qe7
$6 (20... b4 $1 21. Be5 (21. h5 bxc3 22. hxg6 fxg6 $1 (22... cxb2+ $2 23. Kb1
fxg6 24. Ng5 $40) 23. Ng5 Qb6 24. bxc3 c4 $132) 21... Bd6 22. h5 Nf8 (22...
Nxe5 $2 23. Qxh7+ Kf8 24. Nxe5 Bxe5 25. Qh8+ Ke7 26. Qxg7 $18) 23. h6 $16) 21.
Qg4 Qd7 (21... Qd6 22. h5 Ne7 23. Ng5 $18) 22. Bf5 Qd6 23. h5 Ne7 (23... Nh8
24. Ng5 $18) 24. Re6 $5 (24. Ng5 $1 Bxd5 (24... Nxf5 25. Qxf5 Qh6 26. Qxf7+ Kh8
27. f4 $18) (24... g6 25. hxg6 hxg6 26. Qh3 $18) 25. Bxh7+ Kh8 26. Nxf7+ Bxf7
27. Rxd6 Rxd6 28. Rxe7 $18) 24... Nxf5 (24... fxe6 25. Bxe6+ Kh8 26. Ng5 $18)
25. Rxd6 Nxd6 26. Ne5 h6 27. Qf4 Re8 (27... a5 $142) 28. Nd7 $1 Be7 (28... Re4
29. Nf6+ $1 gxf6 30. Qxf6 $18) 29. Kb1 Bc8 30. Nxc5 $18 Bf8 31. g4 a5 32. Re1
Rxe1+ 33. Bxe1 Nc4 34. Ne4 Bb7 35. Bc3 Rc8 36. Nf6+ gxf6 37. Qxf6 Nxa3+ 38.
bxa3 Rxc3 39. Qxc3 Bxd5 40. Qxa5 Be6 41. f3 f5 42. Qxb5 fxg4 43. fxg4 Kf7 44.
Qb7+ 1-0

[Event "Reggio Emilia 9596 38th"]
[Site "Reggio Emilia"]
[Date "1996.01.02"]
[Round "5"]
[White "Azmaiparashvili, Zurab"]
[Black "Epishin, Vladimir"]
[Result "1/2-1/2"]
[WhiteElo "2620"]
[BlackElo "2640"]
[Annotator "Dautov,R"]
[PlyCount "55"]
[EventDate "1995.12.28"]
[EventType "tourn"]
[EventRounds "9"]
[EventCountry "ITA"]
[EventCategory "14"]
[SourceTitle "CBM 051"]
[Source "ChessBase"]
[SourceDate "1996.04.01"]
[SourceVersion "1"]
[SourceVersionDate "1996.04.01"]
[SourceQuality "1"]

1. d4 Nf6 2. Nf3 e6 3. c4 b6 4. a3 Bb7 5. Nc3 d5 6. cxd5 Nxd5 7. Qa4+ Qd7 (7...
Nd7 8. Nxd5 Bxd5 9. Bg5 Be7 10. Bxe7 Qxe7 11. Rc1 Qd6 (11... c6 $10) 12. Ne5 a6
13. Nc4 Bxc4 14. Qxc4 c5 $10 {Lputian,S-Gurevich,M/Moscow-A 1987}) 8. Qc2 Nxc3
9. bxc3 Be7 (9... c5 10. e4 Nc6 11. Bb5 (11. Be3 $5) 11... a6 12. Ne5 Qc7 13.
Bxc6+ Bxc6 14. Nxc6 Qxc6 15. d5 exd5 16. exd5 Qxd5 17. O-O O-O-O 18. c4 Qc6 19.
Qf5+ Kb7 20. Qxf7+ Rd7 21. Qe8 g6 22. Rb1 Bg7 $15 {Sutorikhin,V-Almasi,Z/
Budapest Festival (9) 1991}) 10. e4 O-O 11. Bd3 c5 12. O-O Qc8 13. Qe2 Ba6 14.
a4 {N} (14. Bf4) (14. Rd1) (14. Bb2) 14... Bxd3 15. Qxd3 Rd8 (15... Qa6 16. Qb5
Qb7 17. Re1 a6 18. Qe2 Rd8 19. d5 $14) (15... cxd4 $5 16. cxd4 Nc6 $10) 16. Bf4
(16. a5 bxa5 17. Rxa5 Nc6 18. Ra4 cxd4 19. cxd4 Qd7 $10) 16... Qb7 17. a5 Nc6 (
17... bxa5 $2 18. Rfb1 Qd7 19. Ne5 Qc7 20. Nxf7 $1 Qxf4 21. Nxd8 Bxd8 22. Qb5
$1 {[%cal Rb5e8,Rb5b7]} Qf7 23. Qxc5 $16) (17... cxd4 $5 18. cxd4 bxa5 19. Rxa5
(19. Rfb1 Qd7) 19... Nc6 $10) 18. axb6 cxd4 (18... axb6 $2 19. Rxa8 Rxa8 20. d5
exd5 21. exd5 $16 {o^}) 19. cxd4 axb6 20. Rxa8 Rxa8 21. Rd1 Rd8 $10 22. Qb1 (
22. Qb5 $5 Na7 $1 (22... Bc5 23. d5 exd5 24. Rxd5 (24. exd5 $14 Ne7 $2 25. d6
Qc6 26. Qxc6 Nxc6 27. d7 $16)) (22... Nb4 23. Bg5 $1 f6 (23... Bxg5 24. Nxg5
Nc6 25. d5 $14) 24. Bd2 Qc6 25. Qe2 $14 {><e6}) 23. Qb1 b5 $10) 22... Nb4 23.
Rd2 Ra8 $1 24. Rb2 Ra4 25. Bd2 Qa8 26. Qd1 Ra1 27. Rb1 Rxb1 28. Qxb1 (28. Qxb1
Qa2 29. Qxa2 Nxa2 30. Kf1 $10) 1/2-1/2

[Event "World Cup"]
[Site "Reykjavik"]
[Date "1991.??.??"]
[Round "7"]
[White "Nikolic, Predrag"]
[Black "Chandler, Murray G"]
[Result "1-0"]
[WhiteElo "2625"]
[BlackElo "2605"]
[Annotator "Dautov,R"]
[PlyCount "83"]
[EventDate "1991.09.??"]
[EventType "tourn"]
[EventRounds "15"]
[EventCountry "ISL"]
[EventCategory "16"]
[SourceTitle "EXT 2006"]
[Source "ChessBase"]
[SourceDate "2005.11.24"]
[SourceVersion "1"]
[SourceVersionDate "2005.11.24"]
[SourceQuality "1"]

1. d4 Nf6 2. c4 e6 3. Nf3 b6 4. a3 Ba6 5. Qc2 Bb7 6. Nc3 c5 7. dxc5 bxc5 8. Bf4
Be7 9. e3 O-O 10. Be2 Nh5 $6 (10... d6) 11. Bg3 f5 12. Rd1 d6 (12... Nxg3 13.
hxg3 d6 14. g4 $1 $40) 13. Bxd6 $1 Bxd6 14. Nb5 Qa5+ 15. b4 cxb4 16. Nxd6 bxa3+
17. Qd2 $1 $16 (17. Nd2 Bxg2 18. Rg1 f4 $1 $13 19. Bxh5 (19. Rxg2 f3) 19...
Qxh5 20. Rxg2 fxe3) 17... Qc7 $1 $8 (17... Qxd2+ $2 18. Nxd2 {פh5, Bb7}) (
17... Qa6 $2 18. c5 Qc6 19. Qb4 Ba6 20. Ne5 Qxg2 21. Bf3) 18. Ng5 Qe7 $1 $8 19.
Nxb7 (19. Bxh5 Qxg5 20. Nxb7 Qxh5) 19... Qxg5 20. Bf3 Nf6 21. Qd6 $5 (21. Nc5
Ne4 $1 $8 22. Nxe4 fxe4 23. Bxe4 Nc6 $3 24. Bxc6 Rad8 25. Qc2 Qc5 $1 $13 (25...
Rxd1+ 26. Qxd1 Qc5 27. Qa4) 26. Rxd8 Rxd8 27. Qa4 a2 28. O-O Rd2) 21... Nbd7
22. Qxe6+ Kh8 23. Nd6 Rab8 24. O-O (24. Nf7+ Rxf7 25. Qxf7 f4 26. O-O Ne5 27.
Qc7 $13) 24... f4 25. exf4 Qxf4 26. Bc6 (26. Nf7+ Rxf7 27. Qxf7 Ne5 28. Qe7
Nxf3+ 29. gxf3 Qxf3 {/\} 30. Rd8+ Ng8 $1 31. Rxb8 Qg4+ $10) 26... Ng4 $6 (26...
Nc5 $5 27. Qe7 $1 (27. Nf7+ Kg8 $1)) 27. g3 Nc5 28. gxf4 $1 (28. Qe2 Qg5 29.
Rd5 Qg6 {/\} 30. Rxc5 Qxd6) 28... Nxe6 29. Bd7 Rf6 30. Rfe1 Nxf4 (30... Nxf2
31. Kxf2 Nxf4 32. Ke3 $16) 31. Bxg4 a2 $2 (31... h5 $1) 32. c5 h5 33. Bf5 $2 (
33. c6 $1 $18) 33... g6 34. Be4 Rb2 35. Nc4 Nh3+ $2 36. Kg2 $18 {Chandler}
Rfxf2+ 37. Kxh3 Rb3+ 38. Ne3 g5 39. Kg3 Rf4 40. Bd5 h4+ 41. Kg2 Rb2+ 42. Kg1
1-0

[Event "Olympiad-33"]
[Site "Elista"]
[Date "1998.10.05"]
[Round "7.2"]
[White "Lputian, Smbat G"]
[Black "Dautov, Rustem"]
[Result "1-0"]
[WhiteElo "2615"]
[BlackElo "2625"]
[Annotator "Dautov,R"]
[PlyCount "73"]
[EventDate "1998.09.29"]
[EventType "team-swiss"]
[EventRounds "13"]
[EventCountry "RUS"]
[SourceTitle "CBM 068"]
[Source "ChessBase"]
[SourceDate "1999.02.01"]
[SourceVersion "1"]
[SourceVersionDate "1999.02.01"]
[SourceQuality "1"]
[WhiteTeam "Armenia"]
[BlackTeam "Germany"]
[WhiteTeamCountry "ARM"]
[BlackTeamCountry "GER"]

1. d4 Nf6 2. c4 e6 3. Nf3 b6 4. a3 Bb7 5. Nc3 d5 6. cxd5 Nxd5 7. Bd2 Be7 8. Qc2
O-O 9. e4 Nxc3 10. Bxc3 c5 11. dxc5 bxc5 12. Rd1 Qb6 (12... Qc7 13. Qa4 $14)
13. Ne5 Qc7 (13... Rd8 14. Rxd8+ Qxd8 15. Bb5 a6 16. Ba4 Qc7 17. O-O Nc6 18.
Nxc6 Bxc6 19. Bxc6 Qxc6 20. Rd1 {1/2-1/2 Solozhenkin,E-Sokolov,A/Cannes 1995})
14. Nc4 (14. Bd3 Bf6 15. Nf3 Bxc3+ 16. Qxc3 Nd7 17. O-O {Komarov,D-Contin,D/
Amantea 1994} Nf6 $1 18. Rfe1 Rfd8 $10 {Komarov}) 14... Nc6 15. Bd3 Nd4 16. Qb1
Rab8 $6 (16... a5 17. O-O Rfd8 18. Rfe1 a4 19. Qc1 Nb5 20. Be5 Qc6 21. Qe3 f6
22. Bc3 Nxc3 23. bxc3 Rd7 24. Rb1 Bd8 25. h4 Bc7 26. h5 Rad8 $11 {Lputian,
S-Onischuk,A/Lucerne 1997}) (16... f5 17. O-O fxe4 $2 18. Bxe4 Ne2+ 19. Kh1 $16
) (16... Qf4 $142 $1 17. Na5 Rab8 18. Nxb7 Rxb7 $11) 17. O-O Ba8 (17... Bxe4
18. Ba5 Bxd3 19. Bxc7 Bxb1 20. Bxb8 Bc2 (20... Ba2 21. Bd6 Bxc4 22. Bxe7 Bxf1
23. Kxf1 Rc8 24. b4 Nb5 25. Bxc5 $14) 21. Bxa7 Bxd1 22. Rxd1 Ra8 23. Bb6 $14) (
17... Qf4 $142) 18. Rde1 Qc6 19. Re3 $14 f5 $2 (19... Rfd8 20. Rg3 $14 {
/\Qd1-h5}) 20. Ne5 $16 Qd6 (20... Qb7 21. Bc4 Kh8 22. Rh3 Rf6 23. Bxd4 cxd4 24.
Rb3 Qc7 25. Rxb8+ Qxb8 26. Nd7 $18) 21. exf5 Nxf5 (21... exf5 $2 22. Bc4+ Bd5
23. Qa2 Rbd8 24. Ba5 $18) (21... Qd5 22. f3 Nxf5 23. Re2 $16) 22. Rd1 (22. g4
c4 $1 (22... Nxe3 23. Bxh7+ Kh8 24. Ng6+ Kxh7 25. Be5 $1 Qd8 26. Nxf8+ Kg8 27.
Qh7+ Kxf8 28. fxe3+ Ke8 29. Bxb8 Qd5 30. Qh5+ $18) 23. Nxc4 $1 (23. Bc2 $2 Nxe3
24. Bxh7+ Kh8 25. Ng6+ Kxh7 26. Nxf8+ (26. Be5 $4 Qd3) 26... Kg8 27. Qh7+ Kxf8
28. fxe3+ Ke8 $17) 23... Qd5 24. Be4 (24. Re4 Nh4 $132) 24... Qxc4 25. gxf5 Bg5
26. f6 $1 $16) 22... Rbd8 23. Ree1 (23. g4 $2 Qd5 24. f3 c4 $1 25. Nxc4 Bc5 $19
) 23... Qb6 24. Nd7 $6 (24. Bc4 Bd5 25. Qa2 Nd4 $14) (24. Be4 $1 Bxe4 (24...
Bd5 $4 25. Rxd5 Rxd5 26. Bxd5 exd5 27. Nd7 $18) 25. Qxe4 $16 {><c5,e6}) 24...
Rxd7 25. Bxf5 Rxf5 (25... Rxd1 $2 26. Bxh7+ Kh8 27. Rxd1 c4 28. Bd4 Bc5 29.
Bxg7+ $1 Kxg7 30. Qg6+ Kh8 31. Qh6 Bxf2+ 32. Kh1 $18) 26. Rxd7 Qc6 27. Qe4 Qxe4
$2 $138 (27... Qxd7 28. Qxa8+ Rf8 29. Qe4 Bf6 $1 30. Qxe6+ (30. Bxf6 Rxf6 $14)
30... Qxe6 31. Rxe6 Bxc3 32. bxc3 Rb8 33. g3 Rb3 $14) 28. Rxe4 Bxe4 29. Rxe7
Rg5 $2 (29... Rf7 30. Re8+ Rf8 31. Rxe6 Bb7 32. Re5 c4 33. f3 $18) 30. g3 Bf3
31. h4 $18 Rg6 (31... Rd5 32. Rxg7+ Kf8 33. g4 $18) 32. Rxa7 c4 33. Rc7 Rg4 34.
a4 h6 35. a5 g5 36. h5 Re4 37. a6 1-0

[Event "NED-chT 9495"]
[Site "Netherlands"]
[Date "1994.??.??"]
[Round "7"]
[White "Sokolov, Ivan"]
[Black "Polugaevsky, Lev"]
[Result "1-0"]
[WhiteElo "2650"]
[BlackElo "2595"]
[Annotator "Dautov,R"]
[PlyCount "47"]
[EventDate "1994.??.??"]
[EventType "team"]
[EventRounds "9"]
[EventCountry "NED"]
[SourceTitle "CBM 042"]
[Source "ChessBase"]
[SourceDate "1994.10.01"]
[SourceVersion "1"]
[SourceVersionDate "1994.10.01"]
[SourceQuality "1"]

1. d4 Nf6 2. c4 e6 3. Nf3 b6 4. Nc3 Bb7 5. a3 d5 6. Qc2 dxc4 7. e4 c5 8. dxc5
Bxc5 9. Bxc4 Nbd7 (9... Qc7 10. Nb5 $1 Qd7 11. Bf4 Bxe4 12. Qe2 O-O 13. Rd1 Qb7
14. Nc7 $16 {Gelfand-Gulko/Dos Hermanas/1994}) 10. O-O Qc7 11. Bd3 a6 12. Bg5
Ne5 $1 (12... Ng4 13. Qe2 Bd6 14. h3 Nh2 15. Nxh2 Bxh2+ 16. Kh1 Bf4 17. Nd5 $1
exd5 18. exd5+ Be5 19. f4 $36 {Piket-Van der Wiel/Wijk/1994}) 13. Nxe5 Qxe5 14.
Bh4 (14. Bxf6 gxf6 15. Qa4+ Ke7 $10) 14... Nh5 15. Qa4+ Kf8 16. Qd7 g5 $1 17.
b4 (17. Qxb7 Rb8 18. Qxa6 gxh4 19. Ne2 Rg8 {/\Qg5} 20. Kh1 Nf4 21. Nxf4 Qxf4
22. Be2 Bd6 23. g3 Qxe4+ 24. f3 Qe3 $17) (17. Bxg5 Qxg5 18. Qxb7 Rd8 19. Be2 (
19. Bxa6 $2 Rg8 20. g3 Nxg3 $19) 19... Rg8 20. Bf3 Rd3 21. e5 Nf4 22. g3 (22.
Ne4 $2 Qxg2+ 23. Bxg2 Rxg2+ 24. Kh1 Rh3 $19) 22... Qxe5 $40 23. Rae1 $2 Bxf2+
24. Kxf2 Qd4+ $19) (17. Bg3 Nxg3 18. hxg3 Rb8 19. Rac1 Kg7 $15 {/\Rhd8}) 17...
Bd4 (17... gxh4 18. bxc5 Qxc3 19. Qxb7 Kg7 20. Bxa6 Rhb8 21. Qe7 $13) 18. Bxg5
Bxc3 $2 (18... Qxg5 19. Qxd4 Rg8 20. Qd6+ (20. g3 Rd8 21. Qc4 b5 $17) 20... Ke8
21. g3 Rd8 22. Qxb6 Rxd3 23. Qxb7 Rxc3 $15) 19. Bh6+ Ng7 $2 (19... Kg8 20. Rac1
Rb8 21. Rxc3 $1 Qxc3 22. Rc1 Qf6 (22... Qxa3 $2 23. Qc7 Re8 24. Qe5 f5 25. Rc7
$18) 23. Qxb7 Re8 24. Rc8 Ng7 25. Be3 $14) 20. Rac1 Re8 (20... Rb8 21. Rxc3
Qxc3 22. Qd6+ $18) 21. Qxb7 $18 Qf6 22. Be3 h5 23. Qxb6 Be5 24. f4 1-0